000 00555nam a22001817a 4500
005 20231024073405.0
008 231024b |||||||| |||| 00| 0 eng d
020 _a9780409023084
041 _aEnglish
082 _a347 MAR
100 _aMarnewick, CG
_lEnglish
245 _aLitigation Skills for South African lawyers /
_cCG Marnewick
250 _aSecond Edition
260 _aDurban :
_bLexisNexis Butterworths,
_c2007
300 _bxxi, 498 pages ;
_c24.4 cm.
650 _aLegal practice
_bLaw
942 _cBK
_6ALISON_B_N__VRIES
999 _c16
_d16